000 00858nam a2200253Ia 4500
003 GCL
008 140319s9999 xx 000 0 ara d
020 _a9707345977
040 _aGCL /
_cGCL
082 0 4 _aط
_b372.52
_bل ح
100 1 _aلوجوندر، فيليب
245 1 0 _aالحيوانات المنزلية /
_cلوجوندر، فيليب
260 _aالقاهرة :
_bقسم النشر للاطفال بدار الفاروق ،
_c2004
300 _a ؛
_c18 سم
490 _aالمنهج المدرسى لتعليم الرسم
_v1-1
650 0 4 _aقصص الاطفال
650 0 4 _aالرسم
650 0 4 _aالتلوين
650 0 4 _aالتربية الفنية
650 0 4 _aالرسم بالالوان
650 0 4 _aالرسم - تعليم وتدريس
650 0 4 _aالرسم - الطرق الفنية
942 _2ddc
_cBK
999 _c8273
_d8273